Loading...
| Science - Other | 0 | 9 | 0 | 1 | 90 | 49 | 96.22 | 0 | 5 | 0.00 | 0.00 |
| Fine Arts - Other | 0 | 7 | 0 | 0 | 70 | 95 | 111.86 | 0 | 1 | 0.00 | 0.00 |
| Mythology | 0 | 8 | 2 | 2 | 70 | 80 | 114.50 | 1 | 3 | 0.00 | 0.00 |
| Science - Physics | 0 | 7 | 1 | 2 | 65 | 80 | 105.71 | 0 | 1 | 0.00 | 0.00 |
| Science - Chemistry | 0 | 7 | 2 | 3 | 60 | 70 | 98.14 | 1 | 4 | 0.00 | 0.00 |
| Fine Arts - Classical Music | 0 | 5 | 0 | 2 | 50 | 112 | 127.60 | 0 | 1 | 0.00 | 0.00 |
| Religion | 0 | 6 | 2 | 1 | 50 | 73 | 110.67 | 1 | 3 | 0.00 | 0.00 |
| Philosophy | 0 | 5 | 0 | 3 | 50 | 105 | 118.40 | 0 | 1 | 0.00 | 0.00 |
| Social Science | 0 | 4 | 0 | 1 | 40 | 83 | 102.00 | 0 | 2 | 0.00 | 0.00 |
| Science - Biology | 0 | 5 | 2 | 0 | 40 | 50 | 88.20 | 1 | 2 | 0.00 | 0.00 |
| History - Other | 0 | 4 | 1 | 1 | 35 | 70 | 97.00 | 0 | 2 | 0.00 | 0.00 |
| Literature - European | 0 | 3 | 0 | 0 | 30 | 126 | 134.33 | 0 | 0 | 0.00 | 0.00 |
| History - American | 0 | 3 | 0 | 1 | 30 | 110 | 125.67 | 0 | 0 | 0.00 | 0.00 |
| Literature - American | 0 | 2 | 0 | 1 | 20 | 128 | 130.50 | 0 | 0 | 0.00 | 0.00 |
| History - European | 0 | 2 | 0 | 1 | 20 | 99 | 115.50 | 0 | 0 | 0.00 | 0.00 |
| Literature - British | 0 | 2 | 0 | 0 | 20 | 138 | 138.50 | 0 | 0 | 0.00 | 0.00 |
| Other Academic | 0 | 2 | 0 | 1 | 20 | 81 | 106.00 | 0 | 0 | 0.00 | 0.00 |
| Literature - World | 0 | 2 | 0 | 0 | 20 | 119 | 125.50 | 0 | 0 | 0.00 | 0.00 |
| Fine Arts - Painting and Sculpture | 0 | 3 | 2 | 1 | 20 | 77 | 118.33 | 0 | 0 | 0.00 | 0.00 |
| History - World | 0 | 2 | 2 | 1 | 10 | 121 | 127.00 | 0 | 0 | 0.00 | 0.00 |
| Pop Culture | 0 | 1 | 1 | 0 | 5 | 126 | 126.00 | 0 | 0 | 0.00 | 0.00 |
| Geography | 0 | 1 | 2 | 0 | 0 | 62 | 62.00 | 1 | 1 | 0.00 | 0.00 |